000 00993nam0a22002531 4500
001 rc\3822871
005 20120410182326.0
021 _aRU
_b76-95181
035 _a(NLR Aleph) 007271516
090 _a5414529
_c5414528
100 _a20120410d1976 |||y0rusy50 ca
101 0 _arus
102 _aRU
_aRU
105 _ay z |||||
200 1 _aПолистовой и крупноблочный монтаж крупногабаритного оборудования колонного и емкостного типа
_eУчеб. пособие для студентов спец. 0516
_fМ-во высш. и сред. спец. образования. Иркут. политехн. ин-т
210 _aИркутск
_cБ. и.
_d1976
215 _a33 с.
_d20
320 _aБиблиогр.: с. 33
700 1 _aЛессельрот
_bЛ. С.
_gЛев Семенович
801 0 _aRU
_bNLR
_gpsbo
801 1 _aRU
_bELAR
_2rusmarc
852 _aNLR
_j78-4/8318
942 _cBOOK
980 _aNB